{"text_format":"3","workbook":"xlsx","n_sheets":1,"sheets":["Sheet1"],"read":"whole","date_system":"1900"}

{"sheet":"Sheet1","index":0,"n_rows":46,"n_cols":8,"rows_kept":46,"merged":[[0,0,0,7],[2,1,13,1],[14,1,19,1],[20,1,23,1],[24,1,27,1],[38,1,40,1],[41,1,44,1],[45,0,45,2],[46,0,46,7]]}
["厨房设备配置清单"]
["序号","功能区","名称","规格及参数","单位","数量","单价","总价（元）"]
[1,"烹饪区","抽油烟机罩","厂制品1200*1000","米",4,3480,{"$f":"F3*G3","v":13920}]
[2,null,"风机","5.5千瓦","台",1,12800,{"$f":"F4*G4","v":12800}]
[3,null,"油烟净化器系统","8000风量","台",1,16800,16800]
[4,null,"排烟管道","厂制品500*500","米",10,980,9800]
[5,null,"控制箱","厂制品","台",1,1680,1680]
[6,null,"双门蒸饭柜","厂制品24千瓦/台","台",1,6900,6900]
[7,null,"大汤桶","12千瓦","台",1,1980,1980]
[8,null,"煲粥桶","2千瓦","台",1,1680,1680]
[9,null,"单头炒炉","1000*1100，20千瓦","台",2,13800,27600]
[10,null,"双通工作台","厂制品1800*800*800","台",1,2900,2900]
[11,null,"四门冰柜","1200*700*1800","台",1,4800,4800]
[12,null,"拼台","厂制品600*1000*800","台",2,880,1760]
[13,"洗消区","三星洗碗池","厂制品1800*600*800","台",1,1800,1800]
[14,null,"餐车","厂制品1000*500*800","台",4,980,3920]
[15,null,"双门高温消毒柜","1200*700*1800","台",2,6800,13600]
[16,null,"收残台","厂制品1200*600*800","台",1,1150,1150]
[17,null,"灭蚊灯","5w","个",1,320,320]
[18,null,"留样冰柜","700*700*800","台",1,1320,1320]
[19,"粗加工区","双星水池","厂制品1200*700*800","台",2,1100,2200]
[20,null,"刀具消毒柜","1200*600*1500","台",1,2800,2800]
[21,null,"工作台","厂制品1800*800*800","台",1,2900,2900]
[22,null,"肉丝肉泥机一体机","2千瓦","台",1,4100,4100]
[23,"包点间","压面机","2千瓦","台",1,3800,3800]
[24,null,"切菜机","2千瓦","台",1,6100,6100]
[25,null,"双通工作台","厂制品1800*800*800","台",2,2900,5800]
[26,null,"烤箱","1400*700*1500","台",1,7900,7900]
[27,"配餐区","保温售卖台","厂制品1500*600*800","台",1,2280,2280]
[28,null,"工作台","厂制品1500*800*800","台",1,1680,1680]
[29,null,"消毒灯","30w","台",1,350,350]
[30,"主副食库区","货架","厂制品1500*500*1700","个",7,870,6090]
[31,null,"拖车","加固型","台",1,1080,1080]
[32,null,"米面架","厂制品1200*600*300","个",4,680,2720]
[33,"更衣室","储物柜","1240*500*1800","台",1,3500,3500]
[34,null,"感应单洗池","450*450*150","台",1,1300,1300]
[35,null,"灭蚊灯","5w","个",1,320,320]
[36,null,"电子台称","150kg","台",1,450,450]
[37,"教师餐厅区","双通工作台","1800*800*800","台",1,2900,2900]
[38,null,"幼儿餐具","食品级304带logo三件套","个",360,35,12600]
[39,null,"传菜梯","载重300kg","台",1,48000,48000]
[40,"蒸煮区","蒸汽抽排罩","1200*1000","米",3,2880,8640]
[41,null,"轴承风机","750瓦","台",1,1350,1350]
[42,null,"控制箱","厂制品","台",1,880,880]
[43,null,"工作台","厂制品1800*600*800","台",1,1680,1680]
["总计",{"$nulls":6},{"$f":"SUM(H3:H45)","v":256150}]